A far off vision (Record no. 13676)

MARC details
000 -LEADER
fixed length control field 00547nam a2200169Ia 4500
003 - CONTROL NUMBER IDENTIFIER
control field IN-BaIIA
008 - FIXED-LENGTH DATA ELEMENTS--GENERAL INFORMATION
fixed length control field 211028s9999 xx 000 0 eng d
020 ## - INTERNATIONAL STANDARD BOOK NUMBER
International Standard Book Number 1-898166-73-0
040 ## - CATALOGING SOURCE
Transcribing agency IIA Library
080 ## - UNIVERSAL DECIMAL CLASSIFICATION NUMBER
Universal Decimal Classification number [8]:01:00
Item number DUN
100 ## - MAIN ENTRY--PERSONAL NAME
Personal name Dunkin, E
9 (RLIN) 24033
245 #2 - TITLE STATEMENT
Title A far off vision
Remainder of title a cornishment at Greenwich Observatory autobiographical notes
Statement of responsibility, etc. E. Dunkin
260 ## - PUBLICATION, DISTRIBUTION, ETC.
Place of publication, distribution, etc. Cornwall
Name of publisher, distributor, etc. Royal Institute of Cornwall
Date of publication, distribution, etc. 1999
300 ## - PHYSICAL DESCRIPTION
Extent 218p.
650 ## - SUBJECT ADDED ENTRY--TOPICAL TERM
Topical term or geographic name entry element Autobiography
9 (RLIN) 15205
942 ## - ADDED ENTRY ELEMENTS (KOHA)
Koha item type Books
Holdings
Withdrawn status Lost status Damaged status Not for loan Home library Current library Shelving location Date acquired Total Checkouts Full call number Barcode Date last seen Price effective from Koha item type
        IIA Library-Bangalore IIA Library-Bangalore General Stacks     92:52/ DUN 14595 05/11/2021   Books

Powered by Koha